000 00640nam a2200265Ia 4500
005 20260121165835.0
008 008 260114s9999 xx 000 0 eng d
020 _a9789401777452
037 _aEBOOK
040 _aCRL
040 _beng
040 _cCRL
041 _2eng
041 _aeng
084 _qCRL
100 _aEric L. Hutton
_91056689
245 0 _aDao Companion to the Philosophy of Xunzi
260 _bSpringer
260 _bSpringer
260 _c2016
856 _uhttps://link.springer.com/openurl?genre=book&isbn=978-94-017-7745-2
942 _cEBOOK
999 _c1622417
_d1622417